Countries Containing D - Statistics

General Stats
  • This quiz has been taken 186 times
  • The average score is 36 of 50
Answer Stats
Continent Country % Correct
United Kingdom
90%
Denmark
89%
Djibouti
89%
Dominican Republic
89%
Finland
86%
Democratic Republic of the Congo
85%
Iceland
85%
Dominica
84%
Ireland
84%
United States
84%
Canada
83%
Thailand
83%
United Arab Emirates
81%
Honduras
80%
Indonesia
80%
Netherlands
80%
Poland
80%
Sweden
79%
New Zealand
78%
Saudi Arabia
78%
Europe Andorra
76%
Marshall Islands
76%
India
75%
Sudan
75%
Madagascar
74%
South Sudan
74%
Switzerland
74%
Chad
73%
North America Antigua and Barbuda
71%
Barbados
71%
South America Ecuador
71%
Solomon Islands
71%
Trinidad and Tobago
71%
Saint Vincent and the Grenadines
70%
Africa Burundi
69%
Uganda
69%
Grenada
66%
El Salvador
65%
Rwanda
63%
Asia Bangladesh
61%
Jordan
60%
North Macedonia
60%
Moldova
58%
Cambodia
55%
Saint Kitts and Nevis
55%
Maldives
53%
Bosnia and Herzegovina
51%
Oceania Federated States of Micronesia
51%
Cape Verde
43%
Sao Tome and Principe
38%
No matching quizzes found
Score Distribution
Percent of People with Each Score
Percentile by Number Answered
Your Score History
You have not taken this quiz